Niektoré zvláštnosti fotovodivosti nehomogénnych polovodičov

Bibliographic Details
Main Author: Maník, Rudolf (Author)
Format: Article
Language:Slovak
PhysicalDescription:Obr. 1. Res. rus., angl., lit. 7 zázn. v ruš., češ.
Subjects:

MARC

LEADER 00000nab a2200000 a 4500
001 vtls000137126
003 SK-MaSNL
005 20260304204557.0
008 111031c1982 xo 0 slo
015 |a SNBRA19rr/mm-uuuuu 
035 |a CL0147232 
040 |a SNKBUCL  |b slo  |c SNKBUCL  |e AACR2 
041 0 |a slo 
044 |a xo  |c SK 
080 |a 537  |2 1981 
100 1 |a Maník, Rudolf  |4 aut  |9 257299 
245 1 0 |a Niektoré zvláštnosti fotovodivosti nehomogénnych polovodičov  |c Rudolf Maník 
300 |b Obr. 1. Res. rus., angl., lit. 7 zázn. v ruš., češ. 
650 0 7 |a polovodiče nehomogénne  |2 snkbucl  |9 1537966 
655 7 |a články zo zborníkov  |2 snkbucl  |9 166140 
773 0 |t Zborník Lekárskej fakulty Košice. Zväzok 39. Roč. 24/1981  |d Bratislava : SPN, 1982  |g S. 317-321 
850 |a Slovenská národná knižnica v Martine  |a MTA001 
852 |a SNK  |b KIS3GCP 
958 |a RK 
992 |a RZB 
999 |c 3116908  |d 3118838